00805cam a22002297a 4500003000500000005001700005008004100022010001000063011001000073035001000083040000900093110007900102245007000181260008700251300001000338410006800348490002200416500001900438650002800457810006800485830002200553CHAP20220817043632.0000313d1995 mx r 00110 spa d a80296 a81268 a91735 cCHAP1 aOrganización para la Cooperación y el Desarrollo Económicos. París10aDonor assistance to capacity development in environmentc/by OECD aParis :bOrganización paraa la Cooperación y el Desarrollo Económico,c1995. a12 p.2 aOrganización para la Cooperación y el Desarollo Económico 0aGuidelines series aed. bilingüe14aDesarrollo sustentable.00aOrganización para la Cooperación y el Desarollo Económico00aGuidelines series